000 00244 a2200097 4500
001 34249
100 _aLong, Sally
245 _aFavourite Tales The Emperor's New Clothes
260 _aLoughborough UK
_bLadybird Books
_c
090 _c22660
_d22660
942 _aNUST-CAE
_cM
_c14070
999 _c269322
_d269322